| 000 | 00531nam a22001937a 4500 | ||
|---|---|---|---|
| 005 | 20250324172215.0 | ||
| 008 | 250324b |||||||| |||| 00| 0 eng d | ||
| 020 | _a9781350347588 | ||
| 041 | _aEng. | ||
| 082 | _a658.4012 MAC | ||
| 100 | _aMacIntosh, Robert | ||
| 245 | _aStrategic Management: Strategists at Work | ||
| 250 | _a2nd | ||
| 260 |
_aNew York _bBloomsbury _c2023 |
||
| 300 | _a248;. P. 24 cm | ||
| 650 | _aStrategic Planning; Business Planning | ||
| 700 | _aMacLean, Donald and Robinson, Craig | ||
| 942 | _cBK | ||
| 999 |
_c43376 _d43376 |
||